Prognóza vývoja ekonomiky Slovenska na rok 2000 a výhľad do roku 2003

Krátkodobá prognóza makroekonomických ukazovateľov slovenskej ekonomiky. Východiská a predpoklady budúceho vývoja: vnútorné ekonomické prostredie, vonkajšie ekonomické prostredie. Prognóza vývoja v roku 2000 a výhľad do roku 2003: inflácia, nominálne a reálne mesačné mzdy, trh práce, zahraničný obch...

ver descrição completa

Na minha lista:
Detalhes bibliográficos
Autor principal: Páleník, Viliam
Outros Autores: Krasuľová, Tatiana, Kvetan, Vladimír, Vokoun, Jaroslav
Formato: Capítulo de Livro
Idioma:eslovaco
inglês
Assuntos:
Tags: Adicionar Tag
Sem tags, seja o primeiro a adicionar uma tag!

MARC

LEADER 00000naa a2200000 4500
001 r037349
005 20221128113835.4
041 0 |a slo 
041 0 |a eng 
044 |a SK 
245 1 0 |a Prognóza vývoja ekonomiky Slovenska na rok 2000 a výhľad do roku 2003  |c Viliam Páleník, Tatiana Krasuľová, Vladimír Kvetan, Jaroslav Vokoun 
520 |a Krátkodobá prognóza makroekonomických ukazovateľov slovenskej ekonomiky. Východiská a predpoklady budúceho vývoja: vnútorné ekonomické prostredie, vonkajšie ekonomické prostredie. Prognóza vývoja v roku 2000 a výhľad do roku 2003: inflácia, nominálne a reálne mesačné mzdy, trh práce, zahraničný obchod a saldo platobnej bilancie, menový vývoj, hrubý domáci produkt. 
610 2 0 |a vývoj hospodársky 
610 2 0 |a prognózy hospodárske 
610 2 0 |a Slovensko 
610 2 0 |a prostredie ekonomické 
610 2 0 |a inflácia 
610 2 0 |a mzdy nominálne 
610 2 0 |a mzdy reálne 
610 2 0 |a mzdy mesačné 
610 2 0 |a trh práce 
610 2 0 |a obchod zahraničný 
610 2 0 |a bilancia platobná 
610 2 0 |a produkt domáci hrubý 
610 2 0 |a 2000 
610 2 0 |a 2003 
100 1 |a Páleník, Viliam 
700 1 |a Krasuľová, Tatiana 
700 1 |a Kvetan, Vladimír 
700 1 |a Vokoun, Jaroslav